Vista normal
Vista MARC
- Loranger, Hoa
Entrada Personal Name
Número de registros utilizados en: 1
001 - CONTROL NUMBER
- control field: 12086
003 - CONTROL NUMBER IDENTIFIER
- control field: OSt
005 - DATE AND TIME OF LATEST TRANSACTION
- control field: 20160718113553.0
008 - FIXED-LENGTH DATA ELEMENTS
- fixed length control field: 160718|| aca||aabn | a|a d
040 ## - CATALOGING SOURCE
- Original cataloging agency: OSt
- Transcribing agency: OSt
100 ## - HEADING--PERSONAL NAME
- Personal name: Loranger, Hoa
670 ## - SOURCE DATA FOUND
- Source citation: Work cat.: (OSt)4060: Nielsen, Jakob 12085, Usabilidad: prioridad en el diseño web, 2006